000 01108cam a22002771i 4500
003 SA-RiAUC
005 20241213150126.0
008 241212s1987 ir g b i000 0 ara c
040 _aOM-MuSQU
_bara
_cSA-RiAUC
_erda
082 0 4 _a247.1
090 _a247.1
_bم ن ت
100 1 _aالمنتظري، حسين بن علي،
_cآية الله العظمى،
_d1922-2009
_eمؤلف.
245 1 0 _aدراسات في ولاية الفقيه وفقه الدولة الإسلامية /
_cمحمد حسين بن علي المنتظري.
250 _aالطبعة الثانية.
264 1 _aقم، إيران :
_bالمركز العالمي للدراسات الإسلامية،
_c1988
300 _a4 مجلد ؛
_c24 سم
336 _aنص
_btxt
_2rdacontent
_3كتاب
337 _aبدون وسيط
_bn
_2rdamedia
338 _aمجلد
_bnc
_2rdacarrier
504 _aيشتمل على إرجاعات ببليوجرافية.
590 _aعمر.
650 7 _aالإمامة (شيعة)
_2aucsh
942 _2ddc
_cBOOK
_n0
949 _aSA-JeALM
_d241212
_umohamedma123
_n1
999 _c3432
_d3432